| 000 | 01130nam a2200325 i 4500 | ||
|---|---|---|---|
| 003 | DO-SdBNP | ||
| 005 | 20250625143737.0 | ||
| 007 | ta | ||
| 008 | 100215s2009 dr 000 0 spa d | ||
| 020 | _z9789945162998 | ||
| 040 |
_aDO-SdBNP _bspa _cBNPHU _erda |
||
| 041 | _aspa | ||
| 082 | 4 |
_a101 _bJ58m 2009 _222 |
|
| 100 |
_aJesús Ulerio, Luis Felipe de, _d1970- _eautor _4 aut. _91334 |
||
| 245 | 1 | 0 |
_aManual de introducción a la filosofía / _cLuis F. de Jesús Ulerio, Héctor A. Valera, Eduardo R. Rivas. |
| 250 | _aSexta edición | ||
| 264 | 1 |
_aSanto Domingo : _bBúho, _c2009 |
|
| 300 |
_a143 páginas : _bilustraciones ; _c23 cm. |
||
| 336 |
_atexto _btxt _2rdacontent |
||
| 337 |
_asin mediación _bn _2rdamedia |
||
| 338 |
_avolumen _bnc _2rdacarrier |
||
| 504 | _aBibliografía : páginas 141-143 | ||
| 590 | _aInventariado, 2024 /BT | ||
| 650 | 4 |
_aFilosofía _xEnseñanza _9527 |
|
| 650 | 4 |
_aFilosofía _xLibros de texto _91214 |
|
| 700 | 1 | 2 |
_aValera, Héctor A., _eautor _4aut. _916400 |
| 700 | 1 | 2 |
_aRivas, Eduardo R., _eautor _4aut. _916401 |
| 910 | _aBtavárez/Validado. Control de calidad MFF | ||
| 942 |
_2ddc _cLBS1 |
||
| 999 |
_c57119 _d57119 |
||